logo

Bir Sreshtho Munshi Abdur Rouf Library
Jhenaidah Cadet College

Family Institution Social Welfare and Welfare Society: (Record no. 12277)

MARC details
000 -LEADER
fixed length control field 00853nam a2200277 a 4500
001 - CONTROL NUMBER
JCCL Control Number 12277
003 - CONTROL NUMBER IDENTIFIER
JCCL marc code BD-JhCC
005 - DATE AND TIME OF LATEST TRANSACTION
control field 20210921092404.0
008 - FIXED-LENGTH DATA ELEMENTS--GENERAL INFORMATION
fixed length control field 210921b2014 bg |||| ||a| 000 0 eng d
020 ## - INTERNATIONAL STANDARD BOOK NUMBER
International Standard Book Number 9789848471197
035 ## - SYSTEM CONTROL NUMBER
system control number (BD-JhCC)12277
040 ## - CATALOGING SOURCE
Original cataloging agency BD-JhCC
Modifying agency BD-JhCC
041 ## - LANGUAGE CODE
Language code of Book english
082 ## - DEWEY DECIMAL CLASSIFICATION NUMBER
Classification number 361.61
Author mark and Year ALI 2014
100 ## - MAIN ENTRY--PERSONAL NAME
Personal name Ali, Md. Yousuf
245 ## - TITLE STATEMENT
Title Family Institution Social Welfare and Welfare Society:
Remainder of title Conventional and Islamic Approaches /
Statement of responsibility, etc Md. Yousuf Ali, Meer Monjur Mahmood, Md. Ayub Hossain.
260 ## - PUBLICATION, DISTRIBUTION, ETC. (IMPRINT)
Place of publication, distribution, etc Dhaka:
Name of publisher, distributor, etc Bangladesh Institute of islamic thoght(BIIT);
Date of publication, distribution, etc 2014.
300 ## - PHYSICAL DESCRIPTION
Pagination 238 p. :
Dimensions 24 cm.
490 ## - SERIES STATEMENT
Series statement Human Science Series-04
650 ## - SUBJECT ADDED ENTRY--TOPICAL TERM
Topical term or geographic name as entry element Public Welfare
650 ## - SUBJECT ADDED ENTRY--TOPICAL TERM
Topical term or geographic name as entry element Social service
700 ## - ADDED ENTRY--PERSONAL NAME
Personal name Mahmood, Meer Monjur
700 ## - ADDED ENTRY--PERSONAL NAME
Personal name Hossain, Md. Ayub
942 ## - ADDED ENTRY ELEMENTS (KOHA)
Source of classification or shelving scheme Dewey Decimal Classification
Koha item type Books
Holdings
Source of classification or shelving scheme Damaged status Not for loan Home library Current library Shelving location Cost, normal purchase price Total Checkouts Full call number Barcode Date last seen Copy number Koha item type
Dewey Decimal Classification     JCC Rouf Library JCC Rouf Library General Stacks 120.00   361.61 ALI 2014 16969 09/21/2021 C-1 Books

JCC Library | Contacts | JCC Home

Last Update on 23 September 2017
Copyright @ 2017-2020 JCC Rouf Library
Rouf Library, Jhenidah Cadet College (JCC), Bangladesh